000 00264nam a2200109Ia 4500
008 190216s9999||||xx |||||||||||||| ||und||
100 _aAntony
245 0 _aThanmathra Spectroscopic Oru Mughavura
260 _bBhasha Institute
650 _aChemistry
942 _cBK
999 _c39756
_d39756